Temas de pedagogía universitaria /

Guardado en:
Autor Principal: Universidad nacional del litoral.
Formato: Libro
Idioma:Undetermined
Publicado: Santa Fe : Imprenta de la universidad, 1964.
Materias:
Etiquetas: Agregar Etiqueta
Sin Etiquetas, Sea el primero en etiquetar este registro!
LEADER 00583nam a22001695a 4500
001 EHU.bham046821
005 20110527144353.0
008 110527s1964####xx############000#0#und#d
100 1 |a Universidad nacional del litoral. 
245 0 0 |a Temas de pedagogía universitaria /  |c Universidad nacional del litoral. 
260 |a Santa Fe :  |b Imprenta de la universidad,  |c 1964. 
300 |a 514 p. 
653 |a Pedagogía. 
653 |a Cultura. 
653 |a Ciencias Sociales. 
700 1 |a Casañas de Peyrano, Julieta,  |e dir. 
859 |a AR-BHAM  |b BIB. HUMANIDADES - Donacion Lejarraga  |h MFN001040  |p 001040.19